| 000 | 00520nam a2200181Ia 4500 | ||
|---|---|---|---|
| 001 | 8773 | ||
| 005 | 20260306160634.0 | ||
| 008 | 260306t1973||||xx |||||||||||||| ||spa|| | ||
| 041 | _aESP | ||
| 082 |
_a371.33 _bM61 N° 1 |
||
| 110 | _aMinisterio de Educación. Dirección General de Educación Inicial y Básica Regular. Dirección de Educación Especial | ||
| 245 | 0 | _aGuía de material didáctico | |
| 260 | _c1973 | ||
| 300 |
_a36 hojas : _c20 cm. |
||
| 650 | _aGEN | ||
| 654 | _aCED | ||
| 942 |
_cLIB _dJUS _fJUS _2ddc _n |
||
| 999 |
_c8773 _d8773 |
||